000 01893nam a2200277 i 4500
001 15746
003 DO-SdUEMH
005 20260130210019.0
007 ta
008 211105s2007||||dr |||gr|||| 0|| | spa d
040 _aDO-SdUEMH
_bspa
_erda
041 _aspa
082 1 4 _aRD 346.024 R426C
_mRD
084 _b12-00003
110 _aMinisterio de Hacienda, Economía y Desarrollo
245 _aLey No. 340-06 Sobre Compras y Contrataciones con Modificaciones de Ley No. 449-06 y su Reglamento de Aplicación No. 490-07
260 _c2007
264 _aSanto Domingo, República Dominicana :
_bDe León, S.A.,
_c2007
300 _a141 páginas :
_c20 cm.
336 _2rdacontent
_atexto
_btxt
337 _2rdamedia
_asin mediación
_bn
338 _2rdacarrier
_avolumen
_bnc
505 2 _aDel sistema de contrataciones y sus normas comunes -- Del sistema y su ámbito -- Normas generales comunes a todos los organismos comprendidos -- Procedimientos de selección -- Presentación, evaluación de propuestas y adjudicación -- Contenido y forma de los contratos -- Facultades y obligaciones -- De la iniciativa privada -- Sistema de contrataciones de bienes, servicios y concesiones -- Organización del sistema -- Normas especiales para la contratación de concesión de bienes, obras y servicios -- Normas especiales para los contratos de concesión de obras públicas -- Obligaciones mínimas -- Proceso de contratación -- capitulo vi: adjudicación y contrato de concesión -- capitulo vii: ejecución del contrato de concesión -- capitulo viii: suspensión y extinción de la concesión -- titulo iii disposiciones comunes -- capitulo i: sanciones -- capitulo ii: reclamos, impugnaciones y controversias -- capitulo iii: potestad y procedimiento de investigación -- titulo iv disposiciones transitorias -- titulo v disposiciones finales.
942 _2ddc
_cBK
_n0
999 _c15746
_d15746